01674nam a2200397Ia 4500001001200000003000800012006001900020007001500039008004100054010001700095020004000112020003500152020001800187020002600205040002100231035002000252050002700272100002200299245014700321260005800468300003100526490003800557504006400595533015200659650005200811650005000863650002500913650003600938651003800974651003601012655002901048710001701077830003901094856012601133999001701259ebr10579215CaPaEBRm u cr cn|||||||||040706s2005 nyuab sb s001 0 eng d z 2004015670 z0791464679 (hardcover : alk. paper) z0791464687 (pbk. : alk. paper) z9780791464670 z9780791483206 (ebook) aCaPaEBRcCaPaEBR a(OCoLC)7678632314aHV4046.G37bB37 2005eb1 aBarnes, Sandra L.14aThe cost of being poorh[electronic resource] :ba comparative study of life in poor urban neighborhoods in Gary, Indiana /cSandra L. Barnes. aAlbany :bState University of New York Press,cc2005. axiii, 275 p. :bill., map.1 aSUNY series, the new inequalities aIncludes bibliographical references (p. 249-262) and index. aElectronic reproduction.bPalo Alto, Calif. :cebrary,d2013.nAvailable via World Wide Web.nAccess may be limited to ebrary affiliated libraries. 0aMinoritieszIndianazGaryxEconomic conditions. 0aMinoritieszIndianazGaryxSocial conditions. 0aPoorzIndianazGary. 0aPovertyxPsychological aspects. 0aGary (Ind.)xEconomic conditions. 0aGary (Ind.)xSocial conditions. 7aElectronic books.2local2 aebrary, Inc. 0aSUNY series, the new inequalities.40uhttp://site.ebrary.com/lib/rucke/Doc?id=10579215zAn electronic book accessible through the World Wide Web; click to view c85756d85756